| 000 | 01699cam a2200277zu 4500 | ||
|---|---|---|---|
| 001 | 45003935 | ||
| 003 | FRCYB45003935 | ||
| 005 | 20251020123214.0 | ||
| 006 | m o d | ||
| 007 | cr un | ||
| 008 | 251020s2001 fr | o|||||0|0|||fre d | ||
| 020 | _a9782844501240 | ||
| 035 | _aFRCYB45003935 | ||
| 040 |
_aFR-PaCSA _bfr _c _erda |
||
| 100 | 1 | _aLafleur, Marie-Rose | |
| 245 | 0 | 1 |
_aPa ban gaz ! Kréyòl-la, jan lajennès ka palé-y. _c['Lafleur, Marie-Rose'] |
| 264 | 1 |
_bIbis Rouge _c2001 |
|
| 300 | _a p. | ||
| 336 |
_btxt _2rdacontent |
||
| 337 |
_bc _2rdamdedia |
||
| 338 |
_bc _2rdacarrier |
||
| 650 | 0 | _a | |
| 700 | 0 | _aLafleur, Marie-Rose | |
| 856 | 4 | 0 |
_2Cyberlibris _uhttps://international.scholarvox.com/netsen/book/45003935 _qtext/html _a |
| 520 | _aMarie-Rose Lafleur sociolinguiste, nous propose un catalogue de vannes et d'insultes créoles réalisé à partir d'une enquête menée dans des lycées antillais. De ce relevé elle a pu constater que ces vannes ou insultes qui se construisent à partir de comparaisons avaient beaucoup évolué avec la société, les comparants n'étant plus les mêmes soit qu'ils n'existent plus, soit qu'ils n'ont plus de sens. Les jeunes font référence à leur univers familier, traditionnel, médiatique. La démarche de l'auteur rompt avec celle des créolistes qui oeuvrent pour la promotion de la langue écrite, puisque personne n'avait jusqu'ici osé prendre en compte le créole parlé par les jeunes qui semble ici à la fois populaire et grossier. Mais elle ne se contente pas d'un relevé elle en fait une analyse sociolinguistique afin de définir l'évolution de cette langue, ma foi bien vivante. | ||
| 999 |
_c1553384 _d1553384 |
||